000
00270nam a2200109Ia 4500
008
220204s9999 xx 000 0 und d
082
_a
NR:62(038)
_b
HEI
100
_a
Heinisch, K F
245
0
_a
Dictionary of rubber
260
_a
New York
_b
John Wiley
_c
1974
942
_c
REF
999
_c
26809
_d
26809